Các tác nhân gây stress ở giáo viên mầm non /

Bewaard in:
Bibliografische gegevens
Hoofdauteur: Trịnh Viết Then.
Formaat: Artikel
Taal:Vietnamese
Onderwerpen:
Tags: Voeg label toe
Geen labels, Wees de eerste die dit record labelt!
Thư viện lưu trữ: Thư viện Trường Đại học Đà Lạt
LEADER 00737nam a2200253 4500
001 DLU180183220
005 ##20180118
040 # # |a DLU  |b vie 
041 # # |a vie 
044 # # |a vn 
100 # # |a Trịnh Viết Then. 
245 # # |a Các tác nhân gây stress ở giáo viên mầm non /  |c Trịnh Viết Then. 
653 # # |a Giáo viên mầm non  
653 # # |a Stress  
653 # # |a Tác nhân gây stress  
773 # # |t Tâm lý học  |g Số 9(198), 2015, tr. 89-99 
920 # # |a Phòng Tạp chí -- Trung tâm Thông tin - Thư viện Trường Đại học Đà Lạt 
900 # # |a True 
911 # # |a Nguyễn Thị Thu Phương 
925 # # |a G 
926 # # |a A 
927 # # |a BB 
980 # # |a Thư viện Trường Đại học Đà Lạt